Montaje y prueba de sistema sensor para laboratorio basado en principios del lector de disco compacto de audio
Wedi'i Gadw mewn:
| Prif Awdur: | |
|---|---|
| Fformat: | Llyfr |
| Cyhoeddwyd: |
[San José, Costa Rica]
2004
|
| Pynciau: | |
| Tagiau: |
Ychwanegu Tag
Dim Tagiau, Byddwch y cyntaf i dagio'r cofnod hwn!
|
MARC
| LEADER | 00000nam a2200000Ia 4500 | ||
|---|---|---|---|
| 003 | 009412 | ||
| 005 | 20221231144135.0 | ||
| 008 | 140114s2004 cr a m 000 ||sp |d | ||
| 040 | |c cru CEDI | ||
| 090 | |a TFG 4955 | ||
| 100 | |a Martínez Gómez, Juan José |9 3783 | ||
| 245 | |a Montaje y prueba de sistema sensor para laboratorio basado en principios del lector de disco compacto de audio | ||
| 260 | |c 2004 |a [San José, Costa Rica] | ||
| 300 | |a ix, 64, [4] hojas : ilustraciones | ||
| 500 | |a Proyecto de graduación (bachillerato en ingeniería eléctrica)--Universidad de Costa Rica. Facultad de Ingeniería. Escuela de Ingeniería Eléctrica | ||
| 650 | |x SENSORES REMOTOS |x PRUEBAS |x LABORATORIOS |x DISCOS COMPACTOS |9 6286 | ||
| 942 | |c TFG | ||
| 999 | |c 17465 |d 17465 | ||
